000 00572nam a22002177a 4500
003 UA-OsUOA
001 52962
007 ta
008 20080311b un ||||| |||| 00| 0 ukr d
100 _aОлтаржевська Л.
090 _a82
_bО-55
942 _cSA
040 _aUA-OsUOA
_bukr
_cUA-OsUOA
_dUA-OsUOA
245 _aЧитайте найкраще. Починайте з Забужко.
300 _aС.10
955 _a0
041 _aukr
080 _a82
773 0 _w52956
650 7 _a82 Література. Літературознавство
_2UDC
999 _c339049
_d339049